Under the serpent sea / (Record no. 17)
[ view plain ]
| 000 -LEADER | |
|---|---|
| fixed length control field | 01185nam a2200301 a 4500 |
| 001 - CONTROL NUMBER | |
| JCCL Control Number | 17 |
| 003 - CONTROL NUMBER IDENTIFIER | |
| JCCL marc code | BD-JhCC |
| 005 - DATE AND TIME OF LATEST TRANSACTION | |
| control field | 20170924124109.0 |
| 008 - FIXED-LENGTH DATA ELEMENTS--GENERAL INFORMATION | |
| fixed length control field | 010501s2001 nyua j 000 f eng d |
| 035 ## - SYSTEM CONTROL NUMBER | |
| system control number | (BD-JhCC) 17 |
| 040 ## - CATALOGING SOURCE | |
| Original cataloging agency | BIB |
| Transcribing agency | BIB |
| Modifying agency | DLC |
| 041 ## - LANGUAGE CODE | |
| Language code of Book | eng |
| 082 ## - DEWEY DECIMAL CLASSIFICATION NUMBER | |
| Classification number | 813.54 |
| Author mark and Year | ABB 2001 |
| 100 1# - MAIN ENTRY--PERSONAL NAME | |
| Personal name | Abbott, Tony, |
| Dates associated with a name | 1952- |
| 245 10 - TITLE STATEMENT | |
| Title | Under the serpent sea / |
| Statement of responsibility, etc | by Tony Abbott ; illustrated by Tim Jessell. |
| 260 ## - PUBLICATION, DISTRIBUTION, ETC. (IMPRINT) | |
| Place of publication, distribution, etc | New York : |
| Name of publisher, distributor, etc | Scholastic, |
| Date of publication, distribution, etc | 2001. |
| 300 ## - PHYSICAL DESCRIPTION | |
| Pagination | 113 p. : |
| Other physical details | ill. ; |
| Dimensions | 20 cm. |
| 490 1# - SERIES STATEMENT | |
| Series statement | The secrets of Droon ; |
| Volume number/sequential designation | #12 |
| 500 ## - GENERAL NOTE | |
| General note | "A Little Apple paperback." |
| 520 ## - SUMMARY, ETC. | |
| Summary, etc | The sea witch Demither is stirring up a storm in Droon. Keeah has to stop her! This mission could make or break Keeah's wizard training. And Eric, Neal, and Julie think they can help their friend, but many surprises await them in Demither's underwater world-- and many secrets will be revealed. |
| 650 #1 - SUBJECT ADDED ENTRY--TOPICAL TERM | |
| Topical term or geographic name as entry element | Droon (Imaginary place) |
| Form subdivision | Fiction. |
| 655 #7 - | |
| Genre/form data or focus term | Children's stories. |
| Source of term | lcsh |
| 655 #7 - | |
| Genre/form data or focus term | Fantasy fiction. |
| Source of term | gsafd |
| 700 1# - ADDED ENTRY--PERSONAL NAME | |
| Personal name | Jessell, Tim. |
| 710 2# - ADDED ENTRY--CORPORATE NAME | |
| Corporate name or jurisdiction name as entry element | Copyright Paperback Collection (Library of Congress) |
| Institution to which field applies | DLC |
| 942 ## - ADDED ENTRY ELEMENTS (KOHA) | |
| Source of classification or shelving scheme | Dewey Decimal Classification |
| Koha item type | Books |
No items available.